| 000 | 00707cam a2200181Ki 4500 | ||
|---|---|---|---|
| 082 | 0 | 4 |
_a958 _bHED _cD |
| 100 | 1 |
_aHedin, Sven Anders, _949985 |
|
| 245 | 1 | 0 |
_aCentral Asia and Tibet _btowards the holy city of Lassa / _cby Sven Hedin ... |
| 260 |
_aLondon : _bHurst and Blackett ; _aNew York : _bC. Scribners Sons, _c1903. |
||
| 300 |
_a1 online resource (2 v.) : _bill. (some col.), maps, plates, port. |
||
| 500 | _aIncludes index. | ||
| 526 |
_a0 _b0 _c0 _d958_000000000000000_HED |
||
| 650 |
_aMCE _9379 |
||
| 700 | 1 |
_aBealby, J. T. _949986 |
|
| 856 | 4 | 0 | _uhttp://catalog.hathitrust.org/api/volumes/oclc/26950326.html |
| 856 | 4 | 0 | _uhttp://catalog.hathitrust.org/api/volumes/oclc/411970.html |
| 942 |
_2ddc _cBK |
||
| 999 |
_c552742 _d552742 |
||